Derecho penal (Registro nro. 7777)
[ vista simple ]
| 000 -CABECERA | |
|---|---|
| Longitud fija campo de control | 00712cam a2200205u 4500 |
| 001 - NÚMERO DE CONTROL | |
| Número de control | 10327681 |
| 003 - IDENTIFICADOR DELl NÚMERO DE CONTROL | |
| Identificador del número de control | OSt |
| 005 - FECHA Y HORA DE LA ÚLTIMA TRANSACCIÓN | |
| Fecha y hora de la última transacción | 20140310114820.0 |
| 008 - CÓDIGOS DE INFORMACIÓN DE LONGITUD FIJA | |
| Códigos de información de longitud fija | 850226m1958 arg spa |
| 040 ## - FUENTE DE LA CATALOGACIÓN | |
| Centro catalogador de origen | DLC |
| Centro transcriptor | BMC |
| Centro modificado | DLC |
| 082 ## - NÚMERO DE LA CLASIFICACIÓN DECIMAL DEWEY | |
| Númeroo de clasificación | 345.82 |
| 100 1# - PUNTO DE ACCESO PRINCIPAL-NOMBRE DE PERSONA | |
| 9 (RLIN) | 15037 |
| Nombre de persona | Mezger, Edmund |
| Fechas asociadas al nombre | 1883-1962 |
| 245 10 - MENCIÓN DE TÍTULO | |
| Título | Derecho penal |
| Número de parte o sección de la obra | Parte general : libro de estudio |
| Mención de responsabilidad, etc. | Edmundo Mezger ; traducción de la 6ª ed. alemana... Conrado A. Finzi ; prólogo del Dr. Ricardo C. Núñez |
| 260 ## - PUBLICACIÓN, DISTRIBUCIÓN, ETC. (PIE DE IMPRENTA) | |
| Lugar de publicación, distribución, etc. | Buenos Aires |
| Nombre del editor, distribuidor, etc. | Editorial Bibliográfica Argentina |
| Fecha de publicación, distribución, etc. | 1958 |
| 300 ## - DESCRIPCIÓN FÍSICA | |
| Extensión | 459 p. |
| Otras características físicas | il. |
| Dimensiones | 24 cm |
| 650 24 - PUNTO DE ACCESO ADICIONAL DE MATERIA - TÉRMINO DE MATERIA | |
| Término de materia o nombre geográfico como elemento inicial | Derecho penal |
| Subdivisión geográfica | Argentina |
| 9 (RLIN) | 6868 |
| 700 1# - PUNTO DE ACCESO ADICIONAL - NOMBRE DE PERSONA | |
| 9 (RLIN) | 15039 |
| Nombre de persona | Finzi, Conrado A. |
| 700 1# - PUNTO DE ACCESO ADICIONAL - NOMBRE DE PERSONA | |
| 9 (RLIN) | 15040 |
| Nombre de persona | Núñez, Ricardo C. |
| 942 ## - ENTRADA DE ELEMENTOS AGREGADOS (KOHA) | |
| Fuente de clasificaión o esquema | Dewey Decimal Classification |
| Koha [por defecto] tipo de item | 1- Monografias |
| Suprimido | Perdido | Fuente de clasificación o esquema | Estropeado | Restricciones de uso | No para préstamo | Código de colección | Localización permanente | Localización actual | Localización en estanter&íacute;as | Fecha adquisición | Fuente de adquisición | Número de inventario | Préstamos totales | Signatura completa | Código de barras | Fecha última consulta | Fecha último préstamo | Coste, precio reemplazado | Fecha del precio de reemplazo | Tipo de item de Koha |
|---|---|---|---|---|---|---|---|---|---|---|---|---|---|---|---|---|---|---|---|---|
| NULL | NULL | Dewey Decimal Classification | NULL | Prestable | NULL | NULL | Biblioteca Miguel de Cervantes - UNICAES | Biblioteca Miguel de Cervantes - UNICAES | Sala Principal | 08/06/2007 | Donación - Ana Vilma de Escobar | 012248 | 1 | 345.82 MEZ der | 1012248 | 21/02/2019 | 21/02/2019 | 25.00 | 06/03/2014 | 1- Monografias |